Osobnostné charakteristiky manažérov

Osobnostné charakteristiky a rizikové vzorce správania sa manažérov na ich ceste nahor kariérnym rebríčkom. Výber, rozvoj a riadenie kariéry manažérov.

Na minha lista:
Detalhes bibliográficos
Autor principal: Lazišťanová, Zuzana
Formato: Capítulo de Livro
Idioma:eslovaco
Assuntos:
Tags: Adicionar Tag
Sem tags, seja o primeiro a adicionar uma tag!

MARC

LEADER 00000naa a2200000 4500
001 0175060
005 20230912102353.9
041 0 |a slo 
044 |a SK 
245 1 0 |a Osobnostné charakteristiky manažérov  |c Zuzana Lazišťanová 
520 |a Osobnostné charakteristiky a rizikové vzorce správania sa manažérov na ich ceste nahor kariérnym rebríčkom. Výber, rozvoj a riadenie kariéry manažérov. 
610 2 0 |a manažéri 
610 2 0 |a kariéra 
610 2 0 |a formy riadenia 
610 2 0 |a metódy riadenia 
610 2 0 |a rozhodovanie manažérske 
610 2 0 |a vedenie ľudí 
610 2 0 |a vedenie podniku 
100 1 |a Lazišťanová, Zuzana